00698 2200217 4500001002100000005001500021035002000036007000300056008004100059020002100100082001000121084001600131100001800147245014500165250002000310260003600330300001200366700001900378600004700397856003600444INLIS00000000000040320200226104230 a0010-0220000148ta200226 e 0 ind  a978-602-127-9205 a650.1 a650.1 HEN t0 aHendra Hilman1 aTak Lekang Oleh Panas Tak Lapuk Oleh Hujan :b#50 Tips Cara Berpikir dan Resep Cepat Sukses yang tidak diajarkan di sekolah /cHendra Hilman aCetakan Pertama aJakarta :bNiaga swadaya,c2015 a136 hlm0 aAtiatul Mu'min 4aTak Lekang Oleh Panas Tak Lapuk Oleh Hujan aPerpustakaan Umum Kota Makassar